ՀՀ Գիտությունների ազգային ակադեմիայի հիմնարար գիտական գրադարան  =   Fundamental Scientific Library of NAS RA
Normal view MARC view

Entry Personal Name

Number of records used in: 59

001 - CONTROL NUMBER

  • control field: 8573

003 - CONTROL NUMBER IDENTIFIER

  • control field: AM-YEHGA

005 - DATE AND TIME OF LATEST TRANSACTION

  • control field: 20250618063804.0

008 - FIXED-LENGTH DATA ELEMENTS

  • fixed length control field: 160114|| aca||aabn | a|a d

040 ## - CATALOGING SOURCE

  • Original cataloging agency: AM-YEHGA

100 1# - HEADING--PERSONAL NAME

  • Personal name: Նանսեն, Ֆրիտյոֆ,
  • Dates associated with a name: 1861-1930

368 ## - OTHER ATTRIBUTES OF PERSON OR CORPORATE BODY

  • Type of corporate body: Խաղաղության Նոբելյան մրցանակի դափնեկիր

370 ## - ASSOCIATED PLACE

  • Place of birth: Օսլո, Նորվեգիա
  • Place of death: Լիսակեր, Նորվեգիա

372 ## - FIELD OF ACTIVITY

  • Source of term: lcgft
  • Field of activity: Ճանապարհորդություն
  • Field of activity: Գիտություն
  • Field of activity: Քաղաքականություն
  • Field of activity: Կենսաբանություն
  • Field of activity: Դիվանագիտություն
  • Field of activity: Մանկավարժություն

374 ## - OCCUPATION

  • Source of term: lcsh
  • Occupation: Ճանապարհորդ
  • Occupation: Բևեռախույզ
  • Occupation: Օվկիանոսագետ
  • Occupation: Գիտնական
  • Occupation: Հասարակական գործիչ
  • Occupation: Կենսաբան
  • Occupation: Դիվանագետ
  • Occupation: Մանկավարժ

375 ## - GENDER

  • Gender: Արական

377 ## - ASSOCIATED LANGUAGE

  • Language code: nor

400 1# - SEE FROM TRACING--PERSONAL NAME

  • Personal name: Нансен, Фритьоф,
  • Dates associated with a name: 1861-1930

400 1# - SEE FROM TRACING--PERSONAL NAME

  • Personal name: Nansen, Fridtjof,
  • Dates associated with a name: 1861-1930

670 ## - SOURCE DATA FOUND

  • Uniform Resource Identifier: <a href="http://hy.wikipedia.org/wiki/Ֆրիտյոֆ_Նանսեն" target="_blank">Վիքիպեդիա</a>

670 ## - SOURCE DATA FOUND

  • Source citation: Հայկական սովետական հանրագիտարան: Հատոր ութերորդ: Երևան, 1982:
  • Information found: Ֆրիտյոֆ Նանսեն (Fridtjof Nansen, հոկտեմբերի 10, 1861 - մայիսի 13, 1930, Լիսակեր), նորվեգացի բևեռախույզ, գիտնական, դիվանագետ և ականավոր հումանիստ։

670 ## - SOURCE DATA FOUND

  • Source citation: Armenia and the near East : London, 1928:
  • Information found: տիտղթ. (Nansen Fridtjof)


ՀՀ ԳԱԱ հիմնարար գիտական գրադարան
ՀՀ,Երևան 0019
Մարշալ Բաղրամյան 24/6
հեռախոս:(374-10) 52-47-50
Հետադարձ կապ

All site content, except where otherwise noted, is licensed under a
Creative Commons License